00362nam a2200133Ia 4500008004100000041000800041082001600049100002000065245005300085250001400138260003700152300003200189365000700221240624s9999 xx 000 0 und d aeng a005.133 GOT aGOTTFRIED BYRON aSCHAUM S OUTLINES OF THEORY AND PROBLEMS OF PROG a(2nd ed.) c2004aNew DelhibTata McGrawhill aviii, : 532 : p. : cm. ; 26 cRS